000 00416nam a2200181Ia 4500
008 230524s9999 xx 000 0 und d
020 _a9789385039225
082 _a711
_bRAN
100 _aS.C.Rangwala
245 0 _aTown Planning
250 _a1
260 _aGujurat
_bCharotar
_c2016
300 _a"xvi,256p;"
500 _aQuantity Number: 10
650 _aCivil
700 _aKetki B.Dalal
942 _cBK
999 _c60483
_d60483